Aktivita syntetických oligoglykozidov mimikujúcich štruktúru fungálnych antigénnych faktorov

Saved in:
Bibliographic Details
Main Author: Galliková, Veronika (Author)
Other Authors: Paulovičová, Ema (Thesis advisor)
Format: Manuscript Book
Language:Slovak
Published: 2016
Subjects:
Online Access:http://is.stuba.sk/zp/portal_zp.pl?podrobnosti=131777
Tags: Add Tag
No Tags, Be the first to tag this record!

MARC

LEADER 00000ntm a22000003a 4500
001 stuzp58194
003 SK-STU
005 20160719155508.1
007 ta
008 150427s2015----xo-----f-mn---000-0-slo-d
040 |a STU  |b slo 
041 0 |a slo 
100 1 |a Galliková, Veronika  |u 043000  |4 aut  |U FCHPT Fakulta chemickej a potravinárskej technológie  |T FCHPT Ústav biochémie a mikrobiológie  |X 62531  |U C3000  |Y 101  |7 62531 
242 0 1 |a The Activity of Synthetic Oligoglycosides Mimicking Fungal Antigen Factors Structure  |y eng 
245 1 0 |a Aktivita syntetických oligoglykozidov mimikujúcich štruktúru fungálnych antigénnych faktorov 
260 |c 2016 
650 4 |a C. albicans  |2 slo 
650 4 |a imunomodulácia  |2 slo 
650 4 |a glykokonjugáty  |2 slo 
650 4 |a PAMPs  |2 slo 
650 4 |a glycoconjugates  |2 eng 
650 4 |a immunomodulation  |2 eng 
650 4 |a C. albicans  |2 eng 
650 4 |a PAMPs  |2 eng 
700 1 |a Paulovičová, Ema  |4 ths  |X 73871  |7 73871 
856 4 |u http://is.stuba.sk/zp/portal_zp.pl?podrobnosti=131777 
SQL |a stuzp58194  |b DDP  |c SLO  |d Aktivita syntetických oligoglykozidov mimikujúcich štruktúru fungálnych antigénnych faktorov  |e 62531  |f Galliková, Veronika  |g 043000  |h 73871  |i Paulovičová, Ema  |j 20160606  |k 1392  |l 04  |m http://is.stuba.sk/zp/portal_zp.pl?podrobnosti=131777  |n I-BBT  |o 5.2.25. biotechnológie, 4.1.14. chémia